000 00589cam a22001932 4500
001 0000009774
005 20151217155844.0
008 081127s xx 000 0 eng d
040 _aKABU
_cKABU
100 1 _aWhiteley, W. H.
_@0000158013
245 1 0 _aKi-Mtangata :
_ba dialect of the Mrime coast - Tanganyika /
_cW. H. Whiteley.
250 _a1st ed.
260 _aKampala :
_bE. A. Swahili Committee,
_c1956.
300 _a61 p.
650 0 _aMtangata dialect.
_@0000161556
852 1 _9p100 KES
908 _a081127
950 _@1
999 _c13292
_d13292